000 00211 a2200097 4500
001 15813
100 _aSardar Z
245 _aFuture of Muslim Civilization
260 _aLondon
_bCroom
_c
090 _c12363
_d12363
942 _aNUST-CAE
_cM
_c2629
999 _c250886
_d250886